000 00875nam a2200229 a 4500
001 BRL_69
005 20190320210556.0
008 921109s1959####u--a######---#000-0#eng-#
041 _aeng
044 _au
050 4 _aTR6.N6
_b.P46 1959
245 1 0 _aPhoto maxima, 1958
_bThe first international small print photographic exhibition in book form
_csponsored by the Pictorial division of the Photographic Society of America.
260 _aEstados Unidos
_bPhotographic Society of America, Pictorial Division
_c[1959]
300 _a72 p.
_bil.
_c27 cm.
500 _aIncluye índice de ilustraciones e índice de datos técnicos de los contribuyentes
500 _aEstado físico: encuadernado, enero 2013
500 _aAu36
650 1 4 _aFotografía
_98320
710 2 _aPictorial Division of the Photographic Society of America
_922825
902 _aGRL
942 _2lcc
_cB
999 _c8882
_d8882